000 01530nam a2200253Ia 4500
003 Ost
005 20260416102353.0
008 260416s9999||||xx |||||||||||||| ||und||
040 _cfsecg
041 _aara
082 _a657.46
100 _aدوخي مقدم، يمينة
_eمؤلف
245 0 _aدروس في المحاسبة المالية لطلبة الجدع المشترك السنة الأولى ل م د وفق البرنامج الوزاري /
_c يمينة دوخي مقدم
260 _aالجزائر
_bجامعة الجزائر3: كلية العلوم الإقتصادية، العلوم التجارية وعلوم التسيير
_c2018
300 _a46 ورقة
_bايضاحات
_c30 سم
504 _aمراجع ص.109
520 _aعموميات حول المؤسسة مفاهيم حول المحاسبة المالية، النظام المحاسبي المالي، دراسة مدونة الحسابات، دراسة الصنف الثاني: التثبيتات، دراسة الصنف الثالث، دراسة الصنف الرابع والخامس: حسابات الغير، حسابات التسيير، اعمال نهاية السنة
653 _aالمحاسبة
653 _aالمحاسبة التحليلية
653 _aالنظام المحاسبي الموحد
653 _aرأس المال
710 _aجامعة الجزائر3: كلية العلوم الإقتصادية، العلوم التجارية وعلوم التسيير
_eناشر علمي
942 _cHANDOUT
999 _c41099
_d41099